Normal view
MARC view
- SAJID,ABDUSAMED,OWAIS
Entry Personal Name
001 - CONTROL NUMBER
- control field: 71898
003 - CONTROL NUMBER IDENTIFIER
- control field: NUST
005 - DATE AND TIME OF LATEST TRANSACTION
- control field: 20210628204714.0
008 - FIXED-LENGTH DATA ELEMENTS
- fixed length control field: 210628|| aca||aabn | a|a d
040 ## - CATALOGING SOURCE
- Original cataloging agency: NUST
- Transcribing agency: NUST
100 ## - HEADING--PERSONAL NAME
- Personal name: SAJID,ABDUSAMED,OWAIS
670 ## - SOURCE DATA FOUND
- Source citation: Work cat.: (NUST): SAJID,ABDUSAMED,OWAIS, PR-SOF-1376-DESIGN AND DEVELOPMENT OF ENERGY RECOVERY VENTILATOR, 2014
